01477cam a22002891 450000100060000000300080000600500170001400800390003103500190007004000230008904100080011208200180012010000420013824501380018026000900031830000210040849000490042950500680047865000190054670000380056594200150060399900170061895201420063595201470077795201210092495201420104530183BD-RjUL20211209051526.0140409s19511932enk 000 0 eng a(BD-RjUL)30268 aDLCcDLCdDLCbeng aeng a170bHAE 19511 aHartmann, Nicolai,d1882-1950.99177210aEthics /cby Nicolai Hartmann ; translated by Stanton Coit (authorized version) introduction by J. H. Muirhead ...nV-2pMoral values aLondon :bG. Allen & Unwin Ltd. ;aNew York :bMacmillan Co.cC1932 [Impression 1951] a476 p. ;c22 cm.0 aLibrary of philosophy, ed. by J. H. Muirhead0 aI. Moral phenomena. -- II. Moral values. -- III. Moral freedom. 0aEthics.9917731 aCoit, Stanton,d1857-1944.991774 2ddccBK01 c30183d30183 00102ddc40708NFICaRUCLbRUCLcStackd1956-06-05eB.H.Black wellg2.19l0o170 HAE V-2 1951r2014-04-09 00:00:00tC-2w2014-04-09yBK 00102ddc40708NFICaRUCLbRUCLcStackd1956-06-07epunjabg47.00l1o170 HAE V-2 1932r2017-03-05 00:00:00s2017-02-15tC-3w2021-12-09yBK 00102ddc40708NFICaRUCLbRUCLcStackd2014-04-23l0o170 HAE V-2 1951r2014-04-23 00:00:00tC-10w2014-04-23yBK 00102ddc40718NFICaRUCLbRUCLcReadingd1968-05-11eZeithlingerg35.00l0o170 HAE V-2 1963r2016-12-03 00:00:00tC-1w2021-12-09yBK